00820nam a22001457a 4500082001400000100002200014245006300036260003700099300001600136505033000152650002100482942002400503999001900527952012800546 a005.8,MAH a005.8,MAH9121331 aA Control Framework for Openid /cMoeen Qaemi Mahmoodzadeh aRawalpindibMCS (NUST)cFeb 2012 aviii,138 p, aIntroduction (Page-1), Introduction to Openid (Page-8), Openid Weaknesses and Security Requirements (Page-19), Protecting From Openid Phishing (Page-26), Control Framework for Openid (Page-54), Control Framework Measurements (Page-78), Control Framework Audit Considerations (Page-125), Conclusion and Future Work (Page-136). aPG Thesis935000 2ddccTHEk005.8,MAH c608206d608206 00102ddc4070aMCSbMCScTHEd2024-02-26l0o005.8,MAHpMCSTIS-412r2024-02-26w2024-02-26yTHEzOnly Hard Copy Available